[Event "Cheadle FIDE Open 1st"]
[Site "Cheadle"]
[Date "2025.02.05"]
[Round "3.9"]
[White "Richards, Simon"]
[Black "Banerjee, Sanjoy K"]
[Result "0-1"]
[WhiteElo "1668"]
[BlackElo "1750"]
[PlyCount "82"]
[EventDate "2025.02.04"]
[EventType "swiss"]
[EventRounds "6"]
[EventCountry "ENG"]

1. Nc3 Nf6 2. d4 d5 3. Bf4 e6 4. Nb5 Na6 5. e3 Be7 6. h4 O-O 7. Nf3 c6 8. Nc3 Bd7 9. Bxa6 bxa6 10. Ne5 Be8 11. g4 c5 12. Qf3 cxd4 13. exd4 Bb4 14. Bg5 Rc8 15. O-O Bxc3 16. bxc3 h6 17. Bxf6 gxf6 18. Rfe1 fxe5 19. Rxe5 Bb5 20. Qf4 Kg7 21. g5 f6 22. Rxe6 fxg5 23. Qe5+ Rf6 24. hxg5 hxg5 25. Qxg5+ Kf7 26. Rxf6+ Qxf6 27. Qxf6+ Kxf6 28. a4 Bc4 29. Rb1 Rg8+ 30. Kh2 Rg7 31. Rg1 Rxg1 32. Kxg1 Kf5 33. a5 Kf4 34. Kg2 Be2 35. f3 Bxf3+ 36. Kf2 Bd1 37. Ke1 Bxc2 38. Kd2 Bb3 39. Kc1 Ke3 40. Kb2 Bc4 41. Kc2 Ke2 0-1

[Event "Cheadle FIDE Open 1st"]
[Site "Cheadle"]
[Date "2025.02.05"]
[Round "3.10"]
[White "Nyamandi, Langutani Lucas"]
[Black "Bamford, Paul"]
[Result "1/2-1/2"]
[WhiteElo "1594"]
[BlackElo "1704"]
[PlyCount "116"]
[EventDate "2025.02.04"]
[EventType "swiss"]
[EventRounds "6"]
[EventCountry "ENG"]

1. e4 c5 2. Nc3 d6 3. f4 Nc6 4. Nf3 g6 5. Bb5 Bd7 6. O-O Bg7 7. Qe1 e6 8. Kh1 Nge7 9. d3 O-O 10. a3 a6 11. Bxc6 Bxc6 12. Bd2 b5 13. Qh4 h6 14. Rae1 Re8 15. Nd1 d5 16. c3 Nc8 17. Qh3 dxe4 18. dxe4 Ra7 19. Nf2 Rd7 20. Be3 c4 21. Nd4 Bb7 22. e5 Ne7 23. Ng4 h5 24. Nf2 Nf5 25. Nxf5 exf5 26. Bd4 Rde7 27. Re3 f6 28. Qg3 Kf7 29. Nh3 Qd5 30. Rfe1 Qc6 31. Kg1 a5 32. R1e2 Re6 33. Qe1 Bh6 34. Rg3 R6e7 35. Kf1 Re6 36. Qf2 R6e7 37. Ng1 Bg7 38. h4 fxe5 39. fxe5 Bxe5 40. Rge3 Bxd4 41. Rxe7+ Rxe7 42. Rxe7+ Kxe7 43. cxd4 Qe4 44. Nf3 Qd3+ 45. Kg1 Bxf3 46. gxf3 f4 47. Kg2 b4 48. axb4 axb4 49. Qe1+ Kf7 50. d5 Qxd5 51. Qxb4 Qe6 52. Qd2 Kf6 53. Qxf4+ Kg7 54. Kg3 Qe1+ 55. Kh3 Qf1+ 56. Kg3 Qg1+ 57. Kh3 Qf1+ 58. Kg3 Qg1+ 1/2-1/2

[Event "Cheadle FIDE Open 1st"]
[Site "Cheadle"]
[Date "2025.02.05"]
[Round "4.1"]
[White "Arkell, Keith C"]
[Black "Caldwell, Susan L"]
[Result "1-0"]
[WhiteElo "2329"]
[BlackElo "2150"]
[PlyCount "81"]
[EventDate "2025.02.04"]
[EventType "swiss"]
[EventRounds "6"]
[EventCountry "ENG"]

1. d4 d6 2. Nf3 Nf6 3. c4 g6 4. Nc3 Bf5 5. d5 a5 6. Nd4 Bd7 7. e4 e5 8. dxe6 fxe6 9. Be2 Bg7 10. h4 c6 11. h5 e5 12. Nf3 Nxh5 13. Qxd6 Bg4 14. Qxd8+ Kxd8 15. Ng5 Bxe2 16. Ne6+ Ke7 17. Nxg7 Nxg7 18. Nxe2 Nd7 19. Be3 Ne6 20. O-O-O h5 21. Kb1 Ndc5 22. f3 Rad8 23. Kc2 Rxd1 24. Rxd1 Rd8 25. Rxd8 Kxd8 26. Bd2 b6 27. Bc3 Nd7 28. Kd2 Ke8 29. Ke3 Kf7 30. Nc1 h4 31. Nd3 Nf4 32. Nxf4 exf4+ 33. Kxf4 a4 34. Kg4 b5 35. cxb5 cxb5 36. Kxh4 Nc5 37. Kg5 Nd3 38. a3 Nc5 39. Kf4 Ne6+ 40. Ke3 g5 41. g3 1-0

[Event "Cheadle FIDE Open 1st"]
[Site "Cheadle"]
[Date "2025.02.05"]
[Round "4.2"]
[White "Byron, Alan M"]
[Black "Moore, Geoffrey R"]
[Result "1-0"]
[WhiteElo "2035"]
[BlackElo "1983"]
[PlyCount "61"]
[EventDate "2025.02.04"]
[EventType "swiss"]
[EventRounds "6"]
[EventCountry "ENG"]

1. d4 Nf6 2. c4 g6 3. Nc3 Bg7 4. e4 d6 5. h3 O-O 6. Be3 e5 7. d5 Nh5 8. Be2 Nf4 9. Bf3 g5 10. g3 Ng6 11. Bg4 f5 12. exf5 Bxf5 13. Bxf5 Rxf5 14. Qg4 Qf8 15. Ne4 h5 16. Qxh5 Nf4 17. gxf4 gxf4 18. Ng5 Rxg5 19. Qxg5 fxe3 20. fxe3 Kh8 21. Qh5+ Bh6 22. Ne2 Nd7 23. Rf1 Nf6 24. Qg6 Bg7 25. Ng3 Qe8 26. Rxf6 Bxf6 27. Qxf6+ Kg8 28. Nf5 Qf8 29. Qg6+ Kh8 30. Qh5+ Kg8 31. Ke2 1-0

[Event "Cheadle FIDE Open 1st"]
[Site "Cheadle"]
[Date "2025.02.05"]
[Round "4.3"]
[White "Newton, Robert A"]
[Black "Jackson, Edward"]
[Result "0-1"]
[WhiteElo "1872"]
[BlackElo "2153"]
[PlyCount "74"]
[EventDate "2025.02.04"]
[EventType "swiss"]
[EventRounds "6"]
[EventCountry "ENG"]

1. d4 d5 2. Nf3 Nf6 3. e3 e6 4. Bd3 c5 5. b3 Nc6 6. a3 Bd6 7. Bb2 Qc7 8. Nbd2 O-O 9. dxc5 Bxc5 10. O-O e5 11. e4 Rd8 12. Qe2 d4 13. b4 Bf8 14. b5 Ne7 15. c3 Ng6 16. g3 dxc3 17. Rac1 Bh3 18. Rxc3 Bxf1 19. Qxf1 Qd7 20. Rb3 Bc5 21. h3 Re8 22. Kg2 Rad8 23. Nc4 Qc7 24. Qa1 Nd7 25. h4 Bf8 26. Ne3 Nc5 27. Qc1 Qd7 28. Bc4 Nxb3 29. Bxb3 Qxb5 30. Bc4 Qc6 31. h5 Nh8 32. Nd5 Rc8 33. Qg5 h6 34. Qg4 Qe6 35. Nf6+ Qxf6 36. Bxe5 Rxe5 37. Qxc8 Rc5 0-1

[Event "Cheadle FIDE Open 1st"]
[Site "Cheadle"]
[Date "2025.02.05"]
[Round "4.4"]
[White "Plotnikov, Matvii"]
[Black "Longson, Alexander"]
[Result "0-1"]
[WhiteElo "1688"]
[BlackElo "2243"]
[PlyCount "46"]
[EventDate "2025.02.04"]
[EventType "swiss"]
[EventRounds "6"]
[EventCountry "ENG"]

1. d4 d5 2. Nf3 Nf6 3. e3 c6 4. Bd3 Bg4 5. Nbd2 Nbd7 6. h3 Bh5 7. c4 e6 8. Qc2 Bd6 9. O-O O-O 10. b3 Bg6 11. Bb2 Qb8 12. e4 e5 13. exd5 cxd5 14. Bxg6 hxg6 15. cxd5 Nxd5 16. Qe4 N5f6 17. Qh4 Re8 18. Ng5 Nf8 19. Nc4 exd4 20. Nxd6 Qxd6 21. Bxd4 Rad8 22. Bc3 Qd3 23. Bb4 Rd4 0-1

[Event "Cheadle FIDE Open 1st"]
[Site "Cheadle"]
[Date "2025.02.05"]
[Round "4.5"]
[White "Surtees, Mike J"]
[Black "Zhu, Yaoyao"]
[Result "1-0"]
[WhiteElo "2083"]
[BlackElo "1931"]
[PlyCount "109"]
[EventDate "2025.02.04"]
[EventType "swiss"]
[EventRounds "6"]
[EventCountry "ENG"]

1. b3 d5 2. g3 Nf6 3. Bg2 e5 4. d3 Bd6 5. e3 c6 6. Nd2 Be6 7. Bb2 Nbd7 8. Ne2 Qe7 9. a3 h6 10. h3 Bc7 11. Qb1 Bf5 12. e4 dxe4 13. dxe4 Be6 14. Bc3 Nc5 15. Qb2 Nfd7 16. O-O-O O-O-O 17. Kb1 f6 18. f4 Bf7 19. f5 Nb6 20. Rhe1 Bd6 21. Bb4 Na6 22. Bxd6 Rxd6 23. Kc1 Rhd8 24. Nb1 Nc5 25. Qc3 Kb8 26. Rxd6 Qxd6 27. Rg1 Na8 28. Qe3 Nc7 29. Nec3 Qd4 30. Re1 Bxb3 31. cxb3 Nd3+ 32. Kc2 Nxe1+ 33. Qxe1 Nb5 34. Bf1 Qg1 35. Nxb5 cxb5 36. Nc3 Rc8 37. Kb2 Qd4 38. Bxb5 a6 39. Be2 b5 40. Qc1 Kb7 41. Qc2 Qe3 42. Qd3 Qg1 43. Bd1 Qf2+ 44. Bc2 Qb6 45. Nd5 Qc5 46. Nb4 Kb6 47. Qe3 Qxe3 48. Nd5+ Kc5 49. Nxe3 Kd4 50. Nd5 a5 51. Kc1 a4 52. b4 Rc6 53. Kd2 Rc8 54. Bd3 Rd8 55. Nc3 1-0

[Event "Cheadle FIDE Open 1st"]
[Site "Cheadle"]
[Date "2025.02.05"]
[Round "4.6"]
[White "Longson, Sarah N"]
[Black "Trueman, Glenn"]
[Result "1-0"]
[WhiteElo "1934"]
[BlackElo "1891"]
[PlyCount "116"]
[EventDate "2025.02.04"]
[EventType "swiss"]
[EventRounds "6"]
[EventCountry "ENG"]

1. e4 c5 2. Nc3 g6 3. d4 cxd4 4. Qxd4 Nf6 5. Nf3 Nc6 6. Qa4 d6 7. e5 dxe5 8. Nxe5 Bd7 9. Nxd7 Nxd7 10. Bb5 Bg7 11. O-O O-O 12. Rd1 Qc8 13. Nd5 Re8 14. Qa3 Bf8 15. Qg3 Bg7 16. Qh4 Nf6 17. c3 Nxd5 18. Rxd5 Qe6 19. Rd1 Bf6 20. Qa4 Red8 21. Be3 Rxd1+ 22. Rxd1 Ne5 23. h3 a6 24. Be2 b5 25. Bxb5 Qc8 26. Be2 Qe6 27. Qb3 Qc8 28. Qd5 Rb8 29. Rd2 e6 30. Qe4 Nc6 31. Rd6 Ne7 32. Bxa6 Qc7 33. Rd2 Nd5 34. Bd4 Bg5 35. Re2 Ra8 36. g3 Rxa6 37. Qxd5 Ra5 38. Qb3 Ra8 39. a3 Qc6 40. Qc2 Rd8 41. Qe4 Rd5 42. h4 Bh6 43. Kg2 Qd7 44. Be3 Bxe3 45. Qxe3 Rd1 46. Qe4 Rd5 47. Qe3 Kg7 48. c4 Rd4 49. b3 Rd3 50. Qe5+ Kg8 51. h5 Qb7+ 52. Kg1 Rxb3 53. h6 Rb1+ 54. Re1 Rxe1+ 55. Qxe1 Qb2 56. Kg2 Qd4 57. Qe3 Qd6 58. c5 Qd8 1-0

[Event "Cheadle FIDE Open 1st"]
[Site "Cheadle"]
[Date "2025.02.05"]
[Round "4.8"]
[White "Doherty, Paul D"]
[Black "Hall, Alan A"]
[Result "1/2-1/2"]
[WhiteElo "1835"]
[BlackElo "1786"]
[PlyCount "76"]
[EventDate "2025.02.04"]
[EventType "swiss"]
[EventRounds "6"]
[EventCountry "ENG"]

1. d4 Nf6 2. c4 e5 3. dxe5 Ng4 4. Bf4 Nc6 5. Nf3 Bb4+ 6. Nbd2 Qe7 7. e3 Ngxe5 8. Nxe5 Nxe5 9. Be2 O-O 10. O-O Ng6 11. Bg3 Bd6 12. Nf3 Bxg3 13. hxg3 d6 14. Qc2 Bd7 15. Nd4 Ne5 16. Rae1 a6 17. f4 Nc6 18. Kf2 Nxd4 19. exd4 Qf6 20. Qd2 Rfe8 21. Bf3 c6 22. Rh1 Rxe1 23. Rxe1 Kf8 24. b3 Re8 25. Be4 h6 26. Qd3 g6 27. d5 c5 28. Qf3 Qd4+ 29. Re3 h5 30. f5 gxf5 31. Bd3 Rxe3 32. Qxe3 Qxe3+ 33. Kxe3 Kg7 34. Kf4 Kf6 35. a4 Kg6 36. a5 f6 37. Be2 Be8 38. Bd1 Bd7 1/2-1/2

[Event "Cheadle FIDE Open 1st"]
[Site "Cheadle"]
[Date "2025.02.05"]
[Round "4.9"]
[White "Plotnikov, Dmytro"]
[Black "Alamri, Abdulaziz"]
[Result "1-0"]
[WhiteElo "1770"]
[BlackElo "1775"]
[PlyCount "113"]
[EventDate "2025.02.04"]
[EventType "swiss"]
[EventRounds "6"]
[EventCountry "ENG"]

1. e4 c6 2. d4 d5 3. exd5 cxd5 4. c4 Nf6 5. Nc3 Nc6 6. Be3 Bg4 7. f3 Bh5 8. Qb3 a6 9. cxd5 Na5 10. Qa4+ b5 11. Bxb5+ axb5 12. Nxb5 Nd7 13. Rc1 f6 14. Nc7+ Kf7 15. Nxa8 g5 16. Nc7 Nb7 17. g4 Bg6 18. d6 e6 19. Qb3 Nxd6 20. Nxe6 Qe7 21. Nc5+ Kg7 22. Qe6 Nxc5 23. Qxe7+ Bxe7 24. dxc5 Nc8 25. h4 Bf7 26. hxg5 Bxa2 27. gxf6+ Bxf6 28. Ne2 Re8 29. Kf2 Bb3 30. Nd4 Bd5 31. Nf5+ Kg8 32. Bd4 Bg5 33. Rce1 Rf8 34. Rh5 h6 35. Re5 Bf7 36. Nxh6+ Bxh6 37. Rxh6 Bb3 38. Rg5+ Kf7 39. Rf6+ Ke7 40. Re5+ Kxf6 41. Re3+ Kf7 42. Rxb3 Ke6 43. Be3 Ne7 44. Rb6+ Kd7 45. Rd6+ Kc7 46. Kg3 Rg8 47. Re6 Nd5 48. Bf4+ Kc8 49. Rc6+ Kb7 50. Rd6 Nb4 51. Rb6+ Ka7 52. Rxb4 Rc8 53. g5 Ka6 54. Rb6+ Ka5 55. Bd2+ Ka4 56. Rb4+ Ka5 57. Rb8+ 1-0

[Event "Cheadle FIDE Open 1st"]
[Site "Cheadle"]
[Date "2025.02.05"]
[Round "4.10"]
[White "Bamford, Paul"]
[Black "Richards, Simon"]
[Result "1-0"]
[WhiteElo "1704"]
[BlackElo "1668"]
[PlyCount "47"]
[EventDate "2025.02.04"]
[EventType "swiss"]
[EventRounds "6"]
[EventCountry "ENG"]

1. d4 e6 2. Nf3 f5 3. e3 Nf6 4. Be2 b6 5. O-O Bb7 6. c4 Be7 7. b3 O-O 8. Ba3 d6 9. Ng5 Qd7 10. Nc3 h6 11. Bf3 Bxf3 12. Nxf3 Ne4 13. Bb2 Na6 14. Qe2 Rad8 15. Nxe4 fxe4 16. Nd2 d5 17. cxd5 exd5 18. Qxa6 Qg4 19. Rae1 Rf5 20. Qe2 Qh4 21. f4 Rd6 22. Ba3 Rh5 23. g3 Rg6 24. Qg2 1-0

[Event "Cheadle FIDE Open 1st"]
[Site "Cheadle"]
[Date "2025.02.05"]
[Round "4.11"]
[White "Clare, Philip"]
[Black "Nyamandi, Langutani Lucas"]
[Result "0-1"]
[WhiteElo "1630"]
[BlackElo "1594"]
[PlyCount "70"]
[EventDate "2025.02.04"]
[EventType "swiss"]
[EventRounds "6"]
[EventCountry "ENG"]

1. c4 Nf6 2. Nc3 c6 3. g3 g6 4. Bg2 Bg7 5. e4 O-O 6. Nge2 e5 7. O-O Na6 8. d3 Nc7 9. Be3 d6 10. h3 Be6 11. Qd2 Qd7 12. Kh2 Rfd8 13. f4 Nfe8 14. f5 gxf5 15. Bh6 f4 16. Bxg7 fxg3+ 17. Nxg3 Nxg7 18. Qg5 Rf8 19. Rf6 Nce8 20. Nh5 Qd8 21. Raf1 Kh8 22. Ne2 Nxh5 23. Qxh5 Nxf6 24. Qh6 Ng8 25. Qe3 f5 26. exf5 Rxf5 27. Rg1 Qh4 28. Ng3 Rf4 29. Ne4 Nh6 30. Qe1 Ng4+ 31. Kh1 Nf2+ 32. Nxf2 Rxf2 33. Rf1 Raf8 34. Rxf2 Rxf2 35. Kg1 Rxg2+ 0-1

[Event "Cheadle FIDE Open 1st"]
[Site "Cheadle"]
[Date "2025.02.05"]
[Round "4.12"]
[White "French, Barry"]
[Black "Cook, Michael Anthony"]
[Result "0-1"]
[WhiteElo "1780"]
[BlackElo "1947"]
[PlyCount "68"]
[EventDate "2025.02.04"]
[EventType "swiss"]
[EventRounds "6"]
[EventCountry "ENG"]

1. e4 e5 2. Nf3 Nc6 3. Bb5 a6 4. Ba4 Nf6 5. d3 d6 6. O-O g6 7. h3 Bg7 8. Be3 Bd7 9. Nbd2 O-O 10. c3 Re8 11. Re1 h6 12. Qc2 b5 13. Bb3 Na5 14. d4 Qc8 15. Qd3 Nxb3 16. axb3 c5 17. d5 Nh7 18. Nh2 f5 19. f3 f4 20. Bf2 g5 21. Qf1 Rf8 22. Kh1 h5 23. g4 fxg3 24. Bxg3 Bxh3 25. Qg1 Kh8 26. Ndf1 Bh6 27. Ne3 Rg8 28. Ng2 Rf8 29. Qe3 Rf6 30. Rf1 h4 31. Be1 g4 32. Qe2 g3 33. Ng4 Bxg4 34. fxg4 Rxf1+ 0-1

[Event "Cheadle FIDE Open 1st"]
[Site "Cheadle"]
[Date "2025.02.06"]
[Round "5.1"]
[White "Byron, Alan M"]
[Black "Arkell, Keith C"]
[Result "0-1"]
[WhiteElo "2035"]
[BlackElo "2329"]
[PlyCount "80"]
[EventDate "2025.02.04"]
[EventType "swiss"]
[EventRounds "6"]
[EventCountry "ENG"]

1. d4 d6 2. Nf3 Bg4 3. g3 Bxf3 4. exf3 d5 5. Bg2 g6 6. O-O Bg7 7. f4 e6 8. c3 Nd7 9. Re1 Ne7 10. Nd2 O-O 11. Nf3 c5 12. dxc5 Nxc5 13. Be3 Qc7 14. Bd4 b5 15. h4 h5 16. Bxg7 Kxg7 17. Nd4 Qb6 18. f5 Nxf5 19. Nxf5+ exf5 20. Bxd5 Rad8 21. Qf3 Rd7 22. Rad1 Rfd8 23. Bb3 Nd3 24. Re2 Qf6 25. Rf1 a5 26. a3 f4 27. Bc2 Nxb2 28. Bxg6 Nc4 29. Bxh5 Rd3 30. Qb7 Nd6 31. Qc7 Rh8 32. Qc5 Rxc3 33. Qd5 Rhc8 34. Bg4 R8c5 35. Qa8 fxg3 36. f3 Rc2 37. Rfe1 Rxe2 38. Rxe2 Rc1+ 39. Kg2 Qxh4 40. Bh3 Qd4 0-1

[Event "Cheadle FIDE Open 1st"]
[Site "Cheadle"]
[Date "2025.02.06"]
[Round "5.2"]
[White "Jackson, Edward"]
[Black "Caldwell, Susan L"]
[Result "1-0"]
[WhiteElo "2153"]
[BlackElo "2150"]
[PlyCount "59"]
[EventDate "2025.02.04"]
[EventType "swiss"]
[EventRounds "6"]
[EventCountry "ENG"]

1. d4 d6 2. e4 Nf6 3. Nc3 Nbd7 4. Nf3 e5 5. Bc4 Be7 6. O-O h6 7. Qe2 c6 8. Rd1 Qc7 9. a4 Nb6 10. Bb3 Bg4 11. h3 Bh5 12. a5 Nbd7 13. Qe3 g5 14. Ne2 g4 15. hxg4 Nxg4 16. Qc3 O-O-O 17. Ng3 Bg6 18. a6 b6 19. Qe1 Rde8 20. dxe5 dxe5 21. Qe2 h5 22. Bg5 h4 23. Nh1 h3 24. Bxe7 h2+ 25. Nxh2 Nxh2 26. Bd6 Qd8 27. Qc4 Nc5 28. Bxc5 Nf3+ 29. gxf3 Rxh1+ 30. Kxh1 1-0

[Event "Cheadle FIDE Open 1st"]
[Site "Cheadle"]
[Date "2025.02.06"]
[Round "5.3"]
[White "Longson, Alexander"]
[Black "Surtees, Mike J"]
[Result "0-1"]
[WhiteElo "2243"]
[BlackElo "2083"]
[PlyCount "88"]
[EventDate "2025.02.04"]
[EventType "swiss"]
[EventRounds "6"]
[EventCountry "ENG"]

1. e4 g6 2. d4 Bg7 3. Nf3 d6 4. Bc4 a6 5. O-O h6 6. c3 e6 7. Bb3 b6 8. Re1 Ne7 9. Nbd2 Nd7 10. Nf1 Bb7 11. Ng3 Qb8 12. a4 Qa7 13. Qe2 Rd8 14. h4 Qa8 15. Bc2 c5 16. d5 e5 17. c4 a5 18. Ra3 Qc8 19. Nh2 h5 20. Nf3 Nf8 21. Nh2 Nd7 22. Rf1 Qc7 23. Nh1 Kf8 24. Bg5 Re8 25. f3 Bc8 26. Nf2 Ng8 27. Bd2 Bh6 28. Bxh6+ Nxh6 29. Nh3 Nb8 30. Nf2 Na6 31. Qd2 Nb4 32. Bb1 Kg7 33. f4 exf4 34. Qxf4 Qe7 35. Nf3 Ng4 36. Nh3 Bd7 37. Re1 f6 38. Nf2 Ne5 39. Nd2 g5 40. Rg3 Ng6 41. Qe3 Nxh4 42. Nf3 Nf5 43. exf5 Qxe3 44. Rxe3 Rxe3 0-1

[Event "Cheadle FIDE Open 1st"]
[Site "Cheadle"]
[Date "2025.02.06"]
[Round "5.4"]
[White "Banerjee, Sanjoy K"]
[Black "Longson, Sarah N"]
[Result "0-1"]
[WhiteElo "1750"]
[BlackElo "1934"]
[PlyCount "62"]
[EventDate "2025.02.04"]
[EventType "swiss"]
[EventRounds "6"]
[EventCountry "ENG"]

1. d4 d5 2. c4 c6 3. Nc3 Nf6 4. e3 e6 5. Nf3 Nbd7 6. Be2 Bd6 7. O-O O-O 8. b3 b6 9. Bb2 Bb7 10. Re1 c5 11. cxd5 Nxd5 12. Nxd5 Bxd5 13. Rc1 Qe7 14. Bd3 Bb7 15. Bb1 Rfd8 16. Qc2 Nf8 17. Qe2 cxd4 18. Nxd4 Qh4 19. g3 Qh3 20. Nc6 f5 21. Qf3 Rd7 22. Rc4 Ng6 23. Rd1 Kh8 24. e4 fxe4 25. Bxe4 Rf8 26. Qc3 Bxg3 27. Qxg7+ Rxg7 28. hxg3 Nf4 29. Bxg7+ Kxg7 30. Rd7+ Kf6 31. Rxh7 Ne2# 0-1

[Event "Cheadle FIDE Open 1st"]
[Site "Cheadle"]
[Date "2025.02.06"]
[Round "5.5"]
[White "Lee, Daniel T"]
[Black "Cook, Michael Anthony"]
[Result "1/2-1/2"]
[WhiteElo "1955"]
[BlackElo "1947"]
[PlyCount "34"]
[EventDate "2025.02.04"]
[EventType "swiss"]
[EventRounds "6"]
[EventCountry "ENG"]

1. d4 d5 2. c4 e6 3. Nc3 Nf6 4. Nf3 Be7 5. Bg5 h6 6. Bh4 O-O 7. e3 b6 8. Rc1 Bb7 9. cxd5 Nxd5 10. Bxe7 Qxe7 11. Bd3 Rc8 12. O-O Nd7 13. Qd2 c5 14. e4 cxd4 15. Nxd5 exd5 16. exd5 Bxd5 17. Nxd4 Nc5 1/2-1/2

[Event "Cheadle FIDE Open 1st"]
[Site "Cheadle"]
[Date "2025.02.06"]
[Round "5.6"]
[White "Moore, Geoffrey R"]
[Black "Plotnikov, Dmytro"]
[Result "1-0"]
[WhiteElo "1983"]
[BlackElo "1770"]
[PlyCount "47"]
[EventDate "2025.02.04"]
[EventType "swiss"]
[EventRounds "6"]
[EventCountry "ENG"]

1. e4 d5 2. exd5 Nf6 3. d4 Nxd5 4. c4 Nf6 5. Nc3 e5 6. d5 c6 7. Bg5 Bb4 8. Qb3 Qa5 9. Bxf6 Bxc3+ 10. bxc3 gxf6 11. Nf3 Na6 12. Be2 Bd7 13. O-O Rb8 14. Rfe1 O-O 15. Bf1 Rfc8 16. Re3 b5 17. cxb5 cxb5 18. Rc1 Nc5 19. Qc2 Na4 20. Qd2 Rc5 21. Nxe5 fxe5 22. Rg3+ Kf8 23. d6 Be6 24. Qg5 1-0

[Event "Cheadle FIDE Open 1st"]
[Site "Cheadle"]
[Date "2025.02.06"]
[Round "5.7"]
[White "Zhu, Yaoyao"]
[Black "Plotnikov, Matvii"]
[Result "1-0"]
[WhiteElo "1931"]
[BlackElo "1688"]
[PlyCount "53"]
[EventDate "2025.02.04"]
[EventType "swiss"]
[EventRounds "6"]
[EventCountry "ENG"]

1. e4 c6 2. d4 g6 3. Nc3 Bg7 4. Be3 Qa5 5. Qd2 b5 6. e5 h5 7. Bd3 Ba6 8. Be4 d5 9. Nxd5 Qd8 10. Nc3 e6 11. Nge2 Ne7 12. O-O Nd7 13. Bf3 O-O 14. Ne4 Nf5 15. Bg5 Qb6 16. Rfd1 Rab8 17. N2g3 c5 18. dxc5 Nxc5 19. Nf6+ Bxf6 20. Bxf6 Kh7 21. Nxf5 exf5 22. Qf4 Ne6 23. Qh4 Ng7 24. Rd6 Qa5 25. Bxg7 Kxg7 26. Qf6+ Kh6 27. Rxa6 1-0

[Event "Cheadle FIDE Open 1st"]
[Site "Cheadle"]
[Date "2025.02.06"]
[Round "5.8"]
[White "Trueman, Glenn"]
[Black "Newton, Robert A"]
[Result "1/2-1/2"]
[WhiteElo "1891"]
[BlackElo "1872"]
[PlyCount "172"]
[EventDate "2025.02.04"]
[EventType "swiss"]
[EventRounds "6"]
[EventCountry "ENG"]

1. e4 g6 2. d4 Bg7 3. Nf3 d6 4. c3 Nd7 5. Bd3 c6 6. O-O Qc7 7. a4 b6 8. Nbd2 Bb7 9. Re1 a6 10. Nc4 b5 11. axb5 axb5 12. Rxa8+ Bxa8 13. Ne3 e5 14. Bb1 Ngf6 15. Nf1 O-O 16. h3 h6 17. Ng3 Bb7 18. Be3 Re8 19. dxe5 dxe5 20. Qc1 Kh7 21. Ba2 Nf8 22. Qc2 Bc8 23. Rd1 Be6 24. Bxe6 Nxe6 25. Ra1 c5 26. Qb3 Rb8 27. Qa3 Nd7 28. Qa7 Rb7 29. Qa2 Nb6 30. b3 Nc8 31. Qd2 b4 32. Rc1 bxc3 33. Qxc3 Ne7 34. Bxc5 Nxc5 35. Qxc5 Qxc5 36. Rxc5 Rxb3 37. Nxe5 Bxe5 38. Rxe5 Nc6 39. Rd5 Rb1+ 40. Kh2 Rb2 41. f3 Kg7 42. Nf1 h5 43. h4 Re2 44. Rd2 Rxd2 45. Nxd2 f6 46. f4 Kf7 47. Kg3 Ke6 48. Nb3 Kd6 49. Kf3 Nd8 50. Ke3 Nf7 51. Nd4 Nh6 52. Kf3 Ng4 53. Nc2 Nh6 54. Ne3 Nf7 55. g4 hxg4+ 56. Nxg4 Ke6 57. Ne3 Kd6 58. Ng4 Ke6 59. Nh2 Kd6 60. Nf1 Ke6 61. Ng3 Nh6 62. h5 gxh5 63. Nxh5 Kf7 64. Ng3 Ke6 65. Kg2 Kf7 66. Kh3 Kg6 67. Kh4 Nf7 68. Nf5 Nd8 69. Nd6 Nc6 70. Kg4 Ne7 71. Nc4 f5+ 72. exf5+ Nxf5 73. Ne5+ Kf6 74. Nd7+ Kg6 75. Kf3 Nd6 76. Kg4 Nf5 77. Nf8+ Kf6 78. Nh7+ Kg6 79. Ng5 Nh6+ 80. Kf3 Kf5 81. Ne4 Nf7 82. Ng3+ Kf6 83. Ke4 Nd6+ 84. Kd5 Nf7 85. Kc6 Ne5+ 86. Kd5 Ng6 1/2-1/2

[Event "Cheadle FIDE Open 1st"]
[Site "Cheadle"]
[Date "2025.02.06"]
[Round "5.9"]
[White "Nyamandi, Langutani Lucas"]
[Black "Doherty, Paul D"]
[Result "1-0"]
[WhiteElo "1594"]
[BlackElo "1835"]
[PlyCount "97"]
[EventDate "2025.02.04"]
[EventType "swiss"]
[EventRounds "6"]
[EventCountry "ENG"]

1. e4 c5 2. Nc3 e6 3. f4 Ne7 4. Nf3 a6 5. g3 g6 6. Bg2 Bg7 7. O-O Nbc6 8. Re1 b5 9. d3 O-O 10. Rb1 Bb7 11. Be3 Nd4 12. Ne2 Nxf3+ 13. Bxf3 Rc8 14. c3 d5 15. Kf2 Nc6 16. Bxc5 Re8 17. exd5 exd5 18. d4 Ne7 19. Bxe7 Rxe7 20. Nc1 Rcc7 21. Rxe7 Rxe7 22. Nd3 Bc8 23. Nb4 Rd7 24. Qb3 Bb7 25. Re1 Bf8 26. Nd3 f6 27. h4 Qb6 28. Kg2 a5 29. a4 b4 30. Re8 Kf7 31. Rb8 Qc7 32. Rxb7 Qxb7 33. c4 Kg7 34. Bxd5 Qc7 35. c5 Re7 36. Bf3 Re3 37. Kf2 Re8 38. Qc4 Qe7 39. d5 Qe3+ 40. Kg2 Qd2+ 41. Kh3 Re3 42. Be4 f5 43. Qd4+ Kh6 44. Bxf5 Bg7 45. Ne5 Rxg3+ 46. Kxg3 Qe1+ 47. Qf2 Qxf2+ 48. Kxf2 gxf5 49. c6 1-0

[Event "Cheadle FIDE Open 1st"]
[Site "Cheadle"]
[Date "2025.02.06"]
[Round "5.11"]
[White "Alamri, Abdulaziz"]
[Black "Richards, Simon"]
[Result "1-0"]
[WhiteElo "1775"]
[BlackElo "1668"]
[PlyCount "75"]
[EventDate "2025.02.04"]
[EventType "swiss"]
[EventRounds "6"]
[EventCountry "ENG"]

1. c4 b6 2. d4 e6 3. a3 Bb7 4. d5 Nf6 5. Nc3 a5 6. e4 exd5 7. cxd5 Bc5 8. Bg5 d6 9. Rb1 Qe7 10. b4 axb4 11. axb4 Qe5 12. Bd2 Nxe4 13. Nxe4 Qxe4+ 14. Qe2 Qxe2+ 15. Nxe2 Bxb4 16. Bxb4 Bxd5 17. f3 O-O 18. Nc3 Re8+ 19. Kd1 Bc6 20. Bc4 Na6 21. Ba3 b5 22. Nxb5 Bxb5 23. Bxb5 Reb8 24. Bd3 Rxb1+ 25. Bxb1 c5 26. Kc1 Nc7 27. Bb2 Nb5 28. Rd1 Rd8 29. Be4 Nc7 30. Be5 Nb5 31. Bc6 Nd4 32. Bxd4 cxd4 33. Rxd4 Kf8 34. Bd5 Ke7 35. Rf4 f6 36. Rb4 Rc8+ 37. Rc4 Rb8 38. Rc7+ 1-0

[Event "Cheadle FIDE Open 1st"]
[Site "Cheadle"]
[Date "2025.02.06"]
[Round "5.12"]
[White "Hall, Alan A"]
[Black "French, Barry"]
[Result "1-0"]
[WhiteElo "1786"]
[BlackElo "1780"]
[PlyCount "39"]
[EventDate "2025.02.04"]
[EventType "swiss"]
[EventRounds "6"]
[EventCountry "ENG"]

1. d4 d5 2. Nf3 Nf6 3. e3 e6 4. Bd3 c5 5. c3 Nc6 6. Nbd2 Be7 7. O-O Qc7 8. dxc5 Bxc5 9. Qe2 O-O 10. e4 Re8 11. h3 dxe4 12. Nxe4 Be7 13. Re1 h6 14. Nxf6+ Bxf6 15. Qe4 Bd7 16. Be3 b6 17. Rad1 Ne7 18. Bf4 Qc6 19. Qh7+ Kf8 20. Be4 1-0

[Event "Cheadle FIDE Open 1st"]
[Site "Cheadle"]
[Date "2025.02.06"]
[Round "6.1"]
[White "Arkell, Keith C"]
[Black "Jackson, Edward"]
[Result "1-0"]
[WhiteElo "2329"]
[BlackElo "2153"]
[PlyCount "137"]
[EventDate "2025.02.04"]
[EventType "swiss"]
[EventRounds "6"]
[EventCountry "ENG"]

1. d4 Nf6 2. Nf3 e6 3. c3 c5 4. Bg5 cxd4 5. cxd4 Qb6 6. Qc2 Nc6 7. Bxf6 gxf6 8. e3 Qa5+ 9. Nc3 b6 10. Be2 Bb7 11. O-O Nb4 12. Qd1 Nd5 13. Nxd5 Bxd5 14. Nd2 f5 15. a3 b5 16. Bf3 Bxf3 17. Qxf3 Rb8 18. Qg3 Rc8 19. Nb3 Qa4 20. Rac1 Rxc1 21. Rxc1 Qxb3 22. Qg5 Bc5 23. Qg7 Qxb2 24. Qxh8+ Ke7 25. Rf1 Bd6 26. Qxh7 Qxa3 27. Qh4+ Ke8 28. Qf6 b4 29. d5 b3 30. Ra1 Qb4 31. Rc1 Bc7 32. h4 b2 33. Rb1 Qe4 34. Qh8+ Ke7 35. Rxb2 Qxd5 36. Rb1 Qe4 37. Rd1 Be5 38. Qc8 Qa4 39. Qc5+ Kf6 40. Qc1 Kg6 41. g3 d5 42. Rd2 Qb4 43. Rc2 a5 44. Rc8 a4 45. Rg8+ Kh7 46. Ra8 Bg7 47. Qd1 Kg6 48. Rxa4 Qb2 49. Kg2 Bh6 50. Qf3 Qc2 51. Ra8 Qe4 52. Rc8 Bg7 53. Rc7 Be5 54. Rb7 Bc3 55. h5+ Kf6 56. Ra7 Be5 57. Rb7 Bc3 58. Qxe4 dxe4 59. Rd7 Be5 60. Kh3 Bc3 61. g4 Be1 62. Kg3 fxg4 63. Rd1 Bc3 64. Kxg4 Kg7 65. Kf4 f5 66. Rg1+ Kf6 67. Rg6+ Kf7 68. Kg5 Be1 69. Rf6+ 1-0